000
00262nam a2200097Ia 4500
001
676175
005
20250826160954.0
008
250824s9999 xx 000 0 und d
245
0
_a
ARŞİMET ZEKAİ GİZEMLİ OKULDA
_c
DURAN ÇETİN
260
_b
ATLI KARINCA YAYINLARI
999
_c
676175
_d
676175